000 01477nam a2200349 i 4500
999 _c66424
_d66424
001 768714001
003 CO-MdFUSB
005 20200704121837.0
007 ta
008 910610t1990 tnu 000 0 eng d
020 _a0899576907
040 _aTCT
_cCO-MdFUSB
_dYQR
_dCO-MdFUSB
_dCBC
_bspa
_erda
041 0 _aeng
_hheb
082 _223
_a220.52044
_bH446
090 _aBS195
240 1 0 _aBible.
245 1 4 _aThe Hebrew - Greek key study Bible :
_bZodhiates' original and complete system of Bible study
_c/ compilado y editado por Spiros Zodhiates.
264 1 _aChattanooga, Tenn. :
_bAMG Publishers,
_c[1990]
264 4 _c© 1990
300 _a1967 páginas. :
_bilustraciones. ;
_c24 cm.
336 _2rdacontent
_atexto
_btxt
337 _2rdamedia
_asin mediación
_bn
338 _2rdacarrier
_avolumen
_bnc
490 _aNew American Standard,
520 _a"Palabras clave en el texto codificadas numéricamente para la concordancia exhaustiva del estándar New American, introducción a cada libro, notas exegéticas, referencias de columna central, ayudas gramaticales al Nuevo testamento, ayudas léxicas, concordancia estándar New American, diccionarios de Strong y ocho páginas atlas bíblico en color ".
563 _aRústico
650 0 _9360
_aBiblia
_bEvidencias, autoridad, etc.
700 1 _aZodhiates, Spiros.
_eeditor
942 _cBK
945 _aJTF-925